Statistics for British Ice Hockey Logos (EIHL)

Click here to take the quiz!

General Stats

  • This quiz has been taken 76 times
  • The average score is 8 of 10

Answer Stats

Answer% Correct
Nottingham Panthers
98%
Cardiff Devils
96%
Guildford Flames
91%
Sheffield Steelers
91%
Belfast Giants
78%
Dundee Stars
76%
Fife Flyers
75%
Glasgow Clan
75%
Coventry Blaze
69%
Manchester Storm
69%

Score Distribution

Percentile by Number Answered

Percent of People with Each Score

Your Score History

You have not taken this quiz